Medios, democracia y poder (Registro nro. 184453)
[ vista simple ]
| 000 -ENCABEZADO | |
|---|---|
| Número de control [NR] | 01601cam a2200361 4500 |
| 005 - FECHA Y HORA DE LA ÚLTIMA TRANSACCIÓN | |
| control field | 20140903175023.0 |
| 008 - DE LONGITUD FIJA DE DATOS DE ELEMENTOS - INFORMACIÓN GENERAL | |
| Elementos de longitud fija [NR] | 110727s2011 ck ad frn 000 0dspa d |
| 020 ## - NUMERO INTERNACIONAL NORMALIZADO PARA LIBROS [R] | |
| Número Internacional Normalizado del libro [NR] | 9789586956093 |
| 040 ## - FUENTE DE CATALOGACION [NR] | |
| Agencia de catalogación original [NR] | CO-BoUCM |
| Idioma de catalogación [NR] | spa |
| Quien Cataloga | Jose A. Gerena (modificó) |
| Quien Clasifica | |
| 041 0# - CODIGO DE IDIOMA [R] | |
| Código de idioma para texto/pista de sonido o título separado [R] | Español |
| 245 00 - MENCION DE TITULO [NR] | |
| Título [NR] | Medios, democracia y poder |
| Parte restante del título [NR] | una mirada comparada desde Colombia, Ecuador, Venezuela y Argentina |
| Mención de responsabilidad, etc. [NR] | Adriana Amado ...[y otros autores.] ; compiladores Angelika Rettberg y Omar Rincón |
| 260 ## - PUBLICACION, DISTRIBUCION, ETC. (PIE DE IMPRENTA) [R] | |
| Lugar de publicación, distribución, etc. [R] | Bogotá (Colombia) |
| Nombre del editor, distribuidor, etc. [R] | Universidad de los Andes |
| Fecha de publicación, distribución, etc. [R] | 2011 |
| 300 ## - DESCRIPCION FISICA [R] | |
| Extensión [R] | x, 196 páginas |
| Otros detalles físicos [NR] | ilustraciones y gráficas |
| 504 ## - NOTA DE BIBLIOGRAFIA, ETC. [R] | |
| Nota de bibliografía, etc. [NR] | Incluye referencias bibliográficas |
| 650 #4 - ASIENTO SECUNDARIO DE MATERIA - TERMINO TEMATICO [R] | |
| Término temático o nombre geográfico como elemento de entrada [NR] | Comunicación en política |
| Subdivisión geográfica [R] | América Latina |
| 9 (RLIN) | 52973 |
| 650 #4 - ASIENTO SECUNDARIO DE MATERIA - TERMINO TEMATICO [R] | |
| Término temático o nombre geográfico como elemento de entrada [NR] | Política y prensa |
| Subdivisión general [R] | América Latina |
| 9 (RLIN) | 52976 |
| 650 #7 - ASIENTO SECUNDARIO DE MATERIA - TERMINO TEMATICO [R] | |
| Término temático o nombre geográfico como elemento de entrada [NR] | Medios de comunicación de masas |
| Subdivisión general [R] | Aspectos sociales |
| Subdivisión geográfica [R] | América Latina |
| 9 (RLIN) | 52973 |
| 650 #7 - ASIENTO SECUNDARIO DE MATERIA - TERMINO TEMATICO [R] | |
| Término temático o nombre geográfico como elemento de entrada [NR] | Poder (Ciencias sociales) |
| Subdivisión geográfica [R] | América Latina |
| 9 (RLIN) | 52974 |
| 650 #7 - ASIENTO SECUNDARIO DE MATERIA - TERMINO TEMATICO [R] | |
| Término temático o nombre geográfico como elemento de entrada [NR] | Política y medios de comunicación de masas |
| Subdivisión geográfica [R] | América Latina |
| 9 (RLIN) | 52975 |
| 690 ## - ASUNTO AGREGADO LOCAL DE ENTRADA - TÉRMINO TEMÁTICO (OCLC, RLIN) | |
| 9 (RLIN) | 42754 |
| Acceso temático local | Ciencia política |
| 690 ## - ASUNTO AGREGADO LOCAL DE ENTRADA - TÉRMINO TEMÁTICO (OCLC, RLIN) | |
| 9 (RLIN) | 42898 |
| Acceso temático local | Periodismo |
| 700 1# - ASIENTO SECUNDARIO - NOMBRE PERSONAL [R] | |
| Nombre personal [NR] | Amado, Adriana |
| 9 (RLIN) | 52978 |
| 700 1# - ASIENTO SECUNDARIO - NOMBRE PERSONAL [R] | |
| Nombre personal [NR] | Amado, Adriana |
| 9 (RLIN) | 52984 |
| 700 1# - ASIENTO SECUNDARIO - NOMBRE PERSONAL [R] | |
| Nombre personal [NR] | Coronell, Daniel |
| 9 (RLIN) | 52979 |
| 700 1# - ASIENTO SECUNDARIO - NOMBRE PERSONAL [R] | |
| Nombre personal [NR] | García, Miguel |
| 9 (RLIN) | 52980 |
| 700 1# - ASIENTO SECUNDARIO - NOMBRE PERSONAL [R] | |
| Nombre personal [NR] | Magrini, Ana Lucia |
| 9 (RLIN) | 52981 |
| 700 1# - ASIENTO SECUNDARIO - NOMBRE PERSONAL [R] | |
| Nombre personal [NR] | Mejía, Óscar |
| 9 (RLIN) | 38742 |
| 700 1# - ASIENTO SECUNDARIO - NOMBRE PERSONAL [R] | |
| Nombre personal [NR] | Rettberg, Angelika |
| Término de relación [R] | compilador |
| 9 (RLIN) | 52982 |
| 700 1# - ASIENTO SECUNDARIO - NOMBRE PERSONAL [R] | |
| Nombre personal [NR] | Rincón, Omar |
| Fechas asociadas con el nombre [NR] | 1961- |
| Término de relación [R] | compilador |
| 9 (RLIN) | 52983 |
| 710 1# - ASIENTO SECUNDARIO - NOMBRE CORPORATIVO [R] | |
| Nombre corporativo o de jurisdicción como elemento de entrada [NR] | Universidad de los Andes |
| Unidad subordinada [R] | Facultad de Ciencias Sociales |
| 9 (RLIN) | 39871 |
| 942 ## - ELEMENTOS DE ENTRADA AGREGADOS (KOHA) | |
| Tema principal | Ciencia política |
| Tipo de ítem principal el descrito en 300a | Libro |
| Edición | 1 |
| Parte restante de la signatura top. | M491 |
| Sistema de clasificación | DEWEY |
| Clasificación | 324.73 |
| Fecha de último préstamo | Total préstamos | Total Renewals | Signatura topográfica | Código de barras | Última vez visto | Ejemplar | Costo de reposición | Price effective from | Tipo de ítem | Perdido | Sistema de clasificación | Dañado | No prestable | Tipo de ítem específico | Suprimido | Ubicación habitual | Ubicación actual | Localización | Fecha de creación | Proveedor | Forma de adquisición | Costo |
|---|---|---|---|---|---|---|---|---|---|---|---|---|---|---|---|---|---|---|---|---|---|---|
| 20/02/2020 | 9 | 5 | 324.73 M491 | 100139710 | 06/06/2024 | Ej.2 | 92750.00 | 06/12/2013 | Libro | DEWEY | Libro | Bodega | Bodega | 3er piso | 06/12/2013 | 15 | Compra | 92750.00 | ||||
| 17/04/2018 | 3 | 324.73 M491 | 100138163 | 06/06/2024 | Ej.1 | 26000.00 | 05/12/2013 | Libro | DEWEY | Libro | Bodega | Bodega | 3er piso | 05/12/2013 | 12 | Donación | 0.00 |